Introduction to Legal Pluralism in South Africa Part II : (Record no. 3266)
[ view plain ]
| 000 -LEADER | |
|---|---|
| fixed length control field | 00575nam a22001697a 4500 |
| 005 - DATE AND TIME OF INPUT | |
| control field | 20241203132910.0 |
| 008 - DATA ELEMENTS--GENERAL INFORMATION | |
| fixed length control field | 241203b |||||||| |||| 00| 0 eng d |
| 020 ## - INTERNATIONAL STANDARD BOOK NUMBER | |
| International Standard Book Number | 0409012173 |
| 041 ## - LANGUAGE CODE | |
| Language code of text | English |
| 082 ## - SHELF NUMBER | |
| DDC number | 340.1 INT |
| 100 ## - MAIN AUTHOR | |
| Language of a work | English |
| 245 ## - TITLE STATEMENT | |
| Title | Introduction to Legal Pluralism in South Africa Part II : |
| Sub-title | Religious Legal Systems / |
| Statement of responsibility, etc. | edited by C Rautenbach and NMI Goolam |
| 260 ## - PUBLICATION, DISTRIBUTION, ETC. | |
| Place of publication, distribution, etc. | Durban: |
| Name of publisher, distributor, etc. | Butterworth Publishers (Pty) Ltd, |
| Date of publication, distribution, etc. | 2002 |
| 300 ## - PHYSICAL DESCRIPTION | |
| Other physical details | xiii,151 pages; |
| Dimensions | 24 cm. |
| 650 ## - SUBJECT` | |
| Broad subject | Legal practice |
| Own subject terms | Law |
| 942 ## - ADDED ENTRY ELEMENTS (KOHA) | |
| Item type | Books |
| 942 ## - ADDED ENTRY ELEMENTS (KOHA) | |
| -- | ALISON_BN_VRIES |
| Source of classification or shelving scheme | Not for loan | Collection code | Home library | Current library | Shelving location | Date acquired | Full call number | Barcode | Price effective from | Koha item type |
|---|---|---|---|---|---|---|---|---|---|---|
| Dewey Decimal Classification | TEXT BOOKS | LAW SOCIETY OF NAMIBIA LIBRARY - WINDHOEK | LAW SOCIETY OF NAMIBIA LIBRARY - WINDHOEK | General Shelf | 12/03/2024 | 340.1 INT | LSN/2002/24 | 12/03/2024 | Books |
